000 00866cam a2200253 i 4500
001 11139
003 IN-BhIIT
005 20250213162601.0
008 211201s2022 njua b 001 0 eng
020 _a9780691235943 (hbk.)
040 _aIN-BhIIT
041 _aeng
082 0 0 _a330.015195
_bHAN/P
100 1 _aHansen, Bruce E.,
_eAuthor.
_925430
245 1 0 _aProbability and statistics for economists /
_cby Bruce E. Hansen.
260 _aNew Jersey :
_bPrinceton University Press,
_c2022.
300 _axxiii, 385 p. :
_billustrations ;
_c26 cm
504 _aIncludes bibliographical references and index.
520 _a"A comprehensive introduction to probability and statistics through the perspective of applying it to economic analysis"--
650 0 _aEconometrics.
_9447
650 0 _aProbabilities.
650 0 _aStatistics.
_93485
942 _cTRB
999 _c14654
_d14654